[Event "Moscow RUS"]
[Site "?"]
[Date "2005.02.18"]
[Round "4"]
[White "Kharlov Andrei"]
[Black "Ivanchuk Vassily"]
[Result "1-0"]
[WhiteElo "2614"]
[BlackElo "2711"]
[PlyCount "117"]
[EventDate "2005.??.??"]
[Source "www.chesslib.no"]
[SourceDate "2004.05.04"]

1. d4 d5 2. Nf3 c5 3. c3 a5 4. dxc5 Nf6 5. c4 e6 6. cxd5 Bxc5 7. Qc2 Bb4+ 8. Bd2 exd5 9. Bxb4 axb4 10. Nbd2 Nc6 11. Nb3 Bg4 12. g3 Rc8 13. Qd1 O-O 14. Bg2 Qb6 15. O-O Rfd8 16. Qd2 h6 17. Rfd1 Ne4 18. Qe1 d4 19. Nc1 Nc5 20. Nd3 Nxd3 21. Rxd3 Ra8 22. Rd2 Ra5 23. Qd1 Be6 24. b3 Bf5 25. h3 Be4 26. Ne1 Bxg2 27. Kxg2 Rc5 28. Nf3 Rc3 29. Qb1 Qa5 30. Qe4 Rxb3 31. Rad1 Ra3 32. Nxd4 Qd5 33. Qxd5 Rxd5 34. Nb3 Re5 35. Rc2 Na5 36. Rd3 Re8 37. Rf3 Nc6 38. Rd3 Rea8 39. Rcd2 Na5 40. Nd4 b3 41. axb3 Nxb3 42. Nxb3 Rxb3 43. Rd7 Rb5 44. Rc7 Rf8 45. Re7 b6 46. Rb7 Rc5 47. Rxb6 h5 48. Rb4 g6 49. Rf4 Kg7 50. e4 Rc4 51. Rf3 Ra4 52. g4 hxg4 53. hxg4 Kh6 54. Kg3 f6 55. Rb3 Rc8 56. Kf4 g5+ 57. Kf5 Ra5+ 58. e5 Rxe5+ 59. Kxf6 1-0

[Event "NV"]
[Site "Las Vegas, NV USA"]
[Date "1987.??.??"]
[Round "?"]
[White "Alburt, Lev O"]
[Black "Seirawan, Yasser"]
[Result "1/2-1/2"]
[WhiteElo "2575"]
[BlackElo "2595"]
[PlyCount "96"]
[EventDate "1987.??.??"]
[Source "www.chesslib.no"]
[SourceDate "2004.05.04"]

1. d4 d5 2. Nf3 c5 3. g3 cxd4 4. Bg2 Nf6 5. O-O g6 6. Nxd4 Bg7 7. Nc3 O-O 8. Nb3 e6 9. e4 Nxe4 10. Nxe4 dxe4 11. Bxe4 Nc6 12. Qxd8 Rxd8 13. Bg5 f6 14. Be3 e5 15. Rfd1 Bf5 16. Bd5+ Kh8 17. c3 Rd6 18. Nc5 Rb8 19. Rd2 Bf8 20. Rad1 b6 21. Na6 Rc8 22. Bf3 Rxd2 23. Rxd2 Na5 24. Rd1 Be7 25. Nb4 Kg7 26. Nd5 Bf8 27. b3 Kf7 28. c4 Nc6 29. Kg2 Be6 30. g4 Bc5 31. Nc3 Nd4 32. Bxd4 exd4 33. Nb5 Rd8 34. Nxa7 d3 35. Nb5 f5 36. h3 Rd7 37. Bc6 Rd8 38. Nc7 fxg4 39. Nxe6 Kxe6 40. Bd5+ Ke5 41. Rxd3 Rf8 42. f3 gxf3+ 43. Bxf3 Rf5 44. Rd7 h5 45. Rd8 Kf4 46. h4 g5 47. Rd5 Rxd5 48. Bxd5 gxh4 1/2-1/2

[Event "CRO-ch"]
[Site "Slavonski Brod"]
[Date "1995.??.??"]
[Round "?"]
[White "Cebalo, Miso"]
[Black "Lalic, Bogdan"]
[Result "0-1"]
[WhiteElo "2570"]
[BlackElo "2590"]
[PlyCount "82"]
[EventDate "1995.02.??"]
[Source "ChessBase"]

1. d4 d5 2. Nf3 c5 3. g3 cxd4 4. Nxd4 e5 5. Nb3 Nc6 6. Bg2 Be6 7. O-O h6 8. a4 Nf6 9. a5 a6 10. c3 Bd6 11. Be3 Qe7 12. N1d2 O-O 13. Bb6 Nd7 14. Be3 Rfe8 15. f3 Bc7 16. Bf2 Qd8 17. e4 Re7 18. f4 dxe4 19. Nxe4 exf4 20. gxf4 Bxf4 21. Nbc5 Qc7 22. h3 Bf5 23. Qf3 Bxe4 24. Nxe4 Rae8 25. Ng3 g6 26. b4 Bg5 27. Rad1 Nf6 28. Bb6 Qc8 29. Nh1 Ne5 30. Qf2 Qxc3 31. Bd4 Qc4 32. Qb2 Nh5 33. Qc3 Qxc3 34. Bxc3 Nc4 35. Rfe1 Ne3 36. Rd6 Nf4 37. Bf1 Nxf1 38. Kxf1 Ne2 39. Rd3 Nxc3 40. Rxe7 Bxe7 41. Rxc3 Bxb4 0-1

[Event "HUN-ch Super"]
[Site "Budapest"]
[Date "1995.??.??"]
[Round "7"]
[White "Varga, Zoltan"]
[Black "Gyimesi, Zoltan"]
[Result "0-1"]
[WhiteElo "2535"]
[BlackElo "2525"]
[PlyCount "76"]
[EventDate "1995.11.??"]
[Source "ChessBase"]

1. d4 d5 2. Nf3 c5 3. g3 cxd4 4. Nxd4 e5 5. Nb3 h6 6. Bg2 Nf6 7. c4 Bb4+ 8. N3d2 Nc6 9. cxd5 Nxd5 10. a3 Be7 11. b4 O-O 12. Bb2 Be6 13. Nc3 Rc8 14. Rc1 Nb6 15. O-O Qd7 16. Ncb1 Rfd8 17. e3 f6 18. Ne4 Nc4 19. Qe2 Qd3 20. Qxd3 Rxd3 21. Bc3 f5 22. Ned2 Nxd2 23. Bxd2 e4 24. f3 Bg5 25. fxe4 Rxd2 26. Nxd2 Bxe3+ 27. Rf2 Rd8 28. Rc2 Rd3 29. Kf1 Bxf2 30. Kxf2 Rxa3 31. Nc4 Rb3 32. exf5 Nxb4 33. fxe6 Nxc2 34. Ne5 Kf8 35. Ng6+ Ke8 36. Bd5 Rb5 37. Bc4 Rc5 38. Bb3 Nd4 0-1

[Event "Rabac CRO"]
[Site "?"]
[Date "2003.09.13"]
[Round "7"]
[White "Sulava Nenad"]
[Black "Sermek Drazen"]
[Result "1/2-1/2"]
[WhiteElo "2479"]
[BlackElo "2577"]
[PlyCount "25"]
[EventDate "2003.??.??"]
[Source "www.chesslib.no"]
[SourceDate "2004.05.04"]

1. Nf3 d5 2. d4 c5 3. dxc5 e6 4. e3 Bxc5 5. a3 a5 6. c4 Nf6 7. b3 O-O 8. Bb2 Nc6 9. Nc3 h6 10. Be2 dxc4 11. Qxd8 Rxd8 12. Bxc4 Bd7 13. Ke2 1/2-1/2

[Event "It (Open) Boeblingen GER"]
[Site "?"]
[Date "2005.12.30"]
[Round "8"]
[White "Shengelia Davit"]
[Black "Meister Yakov"]
[Result "1/2-1/2"]
[WhiteElo "2547"]
[BlackElo "2503"]
[PlyCount "91"]
[EventDate "2005.??.??"]
[Source "www.chesslib.no"]
[SourceDate "2004.05.04"]

1. d4 d5 2. Nf3 c5 3. e3 cxd4 4. exd4 Nf6 5. c4 g6 6. Nc3 Bg7 7. cxd5 Nxd5 8. Qb3 Nxc3 9. bxc3 O-O 10. Be2 Nc6 11. Bf4 Na5 12. Qb4 Nc6 13. Qb2 Qa5 14. O-O e5 15. Nxe5 Nxe5 16. dxe5 Bxe5 17. Bxe5 Qxe5 18. Bf3 Rb8 19. Qa3 a6 20. Rfe1 Qf6 21. Qe7 Qxe7 22. Rxe7 Rd8 23. Rb1 b5 24. Ra7 Rd7 25. Rxd7 Bxd7 26. Rd1 Be6 27. h4 b4 28. Rb1 a5 29. Rb2 Kg7 30. Be4 b3 31. axb3 a4 32. b4 a3 33. Rb1 a2 34. Ra1 Rc8 35. b5 Rxc3 36. b6 Rc5 37. b7 Rb5 38. Kf1 f5 39. Bf3 Rb1+ 40. Ke2 Rxa1 41. b8=Q Re1+ 42. Kxe1 a1=Q+ 43. Ke2 Qd4 44. Qc7+ Kf6 45. Kf1 Qa1+ 46. Ke2 1/2-1/2

[Event "Mind Sports Games - Blitz Team"]
[Site "Pechino CINA"]
[Date "2008.10.13"]
[Round "2"]
[White "Nguyen Ngoc Truong Son"]
[Black "Vavrak, P."]
[Result "1-0"]
[WhiteElo "2567"]
[BlackElo "2478"]
[PlyCount "47"]
[EventDate "2008.10.13"]
[Source "www.chesslib.no"]
[SourceDate "2004.05.04"]

1. Nf3 d5 2. d4 c5 3. dxc5 e6 4. c4 Bxc5 5. cxd5 exd5 6. e3 Nf6 7. Nbd2 O-O 8. Nb3 Bb6 9. Be2 Nc6 10. O-O Re8 11. Nbd4 Bg4 12. h3 Bh5 13. b3 Nxd4 14. exd4 Qd6 15. Bb2 Rxe2 16. Qxe2 Bc7 17. Qe5 Qd7 18. Qe3 Re8 19. Ne5 Qf5 20. Rac1 Bb6 21. g4 Bxg4 22. hxg4 Nxg4 23. Qf3 Qh5 24. Qxg4 1-0

[Event "New York op"]
[Site "New York"]
[Date "1989.??.??"]
[Round "2"]
[White "Murshed, Niaz"]
[Black "Dlugy, Maxim"]
[Result "1/2-1/2"]
[WhiteElo "2475"]
[BlackElo "2570"]
[PlyCount "59"]
[EventDate "1989.03.??"]
[Source "ChessBase"]

1. d4 d5 2. Nf3 c5 3. dxc5 e6 4. e3 Bxc5 5. c4 dxc4 6. Qxd8+ Kxd8 7. Bxc4 Nf6 8. O-O Ke7 9. Nc3 a6 10. e4 b5 11. Bd3 Rd8 12. Bc2 h6 13. e5 Nd5 14. Ne4 Bb6 15. Nd6 Bd7 16. Be4 Bc6 17. Bd2 Bc5 18. Ba5 Rg8 19. Rfd1 Bxd6 20. exd6+ Kxd6 21. Rac1 f6 22. Nd4 Bb7 23. f4 g6 24. Rc7 Nc6 25. Bxd5 Nxa5 26. Rxb7 exd5 27. Rb6+ Kd7 28. Rxf6 Nc4 29. Nb3 Ke7 30. Rc6 1/2-1/2

[Event "Balatonbereny"]
[Site "Balatonbereny"]
[Date "1995.??.??"]
[Round "1"]
[White "Landa, Konstantin"]
[Black "Gyimesi, Zoltan"]
[Result "0-1"]
[WhiteElo "2515"]
[BlackElo "2525"]
[PlyCount "120"]
[EventDate "1995.08.??"]
[Source "ChessBase"]

1. Nf3 d5 2. d4 c5 3. e3 e6 4. Be2 Nc6 5. O-O Nge7 6. dxc5 Ng6 7. c4 dxc4 8. Qxd8+ Nxd8 9. Bxc4 Bxc5 10. a3 a6 11. b4 Bd6 12. Bb2 b5 13. Bd3 f6 14. Nbd2 Bb7 15. Ne4 Nf7 16. Rfc1 O-O 17. Nc5 Bxc5 18. Rxc5 Rac8 19. a4 Rfd8 20. Be2 Bxf3 21. Rxc8 Bxe2 22. Rac1 Bc4 23. Rc6 Nfe5 24. Bxe5 Nxe5 25. Rxa6 Nd3 26. Rb1 Nxb4 27. Ra5 Nc6 28. Ra6 Nb8 29. Rb6 Ba2 30. Rc1 bxa4 31. f3 Kf8 32. Rc7 Nd7 33. Ra6 Bb3 34. Kf2 g5 35. g4 Ke8 36. f4 h6 37. Kg3 Nf8 38. f5 exf5 39. gxf5 Rd7 40. Ra8+ Ke7 41. Rcc8 Nh7 42. Rh8 Kd6 43. Ra5 h5 44. e4 Rf7 45. Rd8+ Ke7 46. Rd4 Kf8 47. Rd8+ Kg7 48. h4 Re7 49. Rd6 Rxe4 50. Ra7+ Bf7 51. Kf3 Rxh4 52. Kg3 Rg4+ 53. Kh2 Nf8 54. Rb6 Ng6 55. fxg6 Kxg6 56. Rbb7 Bb3 57. Rg7+ Kf5 58. Ra5+ Ke4 59. Re7+ Kf3 60. Re1 Kf2 0-1

[Event "Deutschland"]
[Site "?"]
[Date "2004.11.28"]
[Round "3.1"]
[White "Gagunashvili Merab"]
[Black "Zaitsev Mikhail"]
[Result "0-1"]
[WhiteElo "2567"]
[BlackElo "2471"]
[PlyCount "66"]
[EventDate "2004.??.??"]
[Source "www.chesslib.no"]
[SourceDate "2004.05.04"]

1. d4 d5 2. Nf3 c5 3. dxc5 e6 4. e4 Nf6 5. Nc3 Bxc5 6. Bg5 Qb6 7. Bb5+ Bd7 8. Bxf6 Bxf2+ 9. Kf1 Bxb5+ 10. Nxb5 Qxb5+ 11. Kxf2 gxf6 12. exd5 Qc5+ 13. Kg3 Nc6 14. Qd3 O-O-O 15. c4 exd5 16. Qf5+ Kb8 17. Rac1 Qd6+ 18. Kf2 Qc5+ 19. Kg3 Rhg8+ 20. Kh3 Ne7 21. Qf4+ Ka8 22. g3 d4 23. Kg2 d3 24. Rhd1 Rd6 25. Qe4 Ng6 26. b4 Qc8 27. c5 Re6 28. Qd4 Re2+ 29. Kh1 Qh3 30. Rg1 Ne5 31. c6 bxc6 32. Rxc6 Nxf3 33. Rc8+ Qxc8 0-1

[Event "Makarska"]
[Site "?"]
[Date "1995.??.??"]
[Round "7"]
[White "Kovacevic Vlatko"]
[Black "Sermek Drazen"]
[Result "1/2-1/2"]
[WhiteElo "2520"]
[BlackElo "2515"]
[PlyCount "31"]
[EventDate "1995.??.??"]
[Source "www.chesslib.no"]
[SourceDate "2004.05.04"]

1. d4 d5 2. Nf3 c5 3. e3 Nc6 4. Bb5 e6 5. O-O Nf6 6. Nc3 Bd7 7. a3 Bd6 8. dxc5 Bxc5 9. Bd3 O-O 10. e4 dxe4 11. Nxe4 Nxe4 12. Bxe4 h6 13. b4 Be7 14. Bb2 Rc8 15. c4 b6 16. Rc1 1/2-1/2

[Event "Portoroz"]
[Site "?"]
[Date "1994.??.??"]
[Round "?"]
[White "Cebalo, M."]
[Black "Sermek, D."]
[Result "1/2-1/2"]
[WhiteElo "2520"]
[BlackElo "2515"]
[PlyCount "61"]
[EventDate "1994.??.??"]
[Source "ChessBase"]
[SourceDate "1995.02.01"]

1. d4 d5 2. Nf3 c5 3. g3 cxd4 4. Nxd4 e5 5. Nb3 Nc6 6. Bg2 Be6 7. O-O f5 8. a4 Nf6 9. Bg5 Be7 10. Bxf6 Bxf6 11. Nc5 Bf7 12. c4 e4 13. cxd5 Qxd5 14. Qxd5 Bxd5 15. Nc3 Bxc3 16. bxc3 O-O-O 17. a5 Bc4 18. Rfb1 Rd5 19. Nxb7 Kc7 20. f3 Re8 21. fxe4 fxe4 22. Ra4 Bxe2 23. Rxe4 Rxe4 24. Bxe4 Re5 25. Bxc6 Kxc6 26. Nd8+ Kc7 27. Re1 Kxd8 28. Kf2 Rxa5 29. Rxe2 Kd7 30. Rb2 Kc6 31. Ke3 1/2-1/2

[Event "Dubai op"]
[Site "Dubai"]
[Date "1999.05.04"]
[Round "4"]
[White "Mohamed, Esam Ahmed Nagib"]
[Black "Magerramov, Elmar"]
[Result "0-1"]
[WhiteElo "2458"]
[BlackElo "2563"]
[PlyCount "102"]
[EventDate "1999.05.??"]
[Source "ChessBase"]
[SourceDate "1999.07.10"]

1. d4 d5 2. Nf3 c5 3. c3 e6 4. e3 Nf6 5. Nbd2 Nbd7 6. Bd3 Qc7 7. O-O Be7 8. e4 dxe4 9. Nxe4 O-O 10. Nxc5 Bxc5 11. dxc5 Nxc5 12. Bc2 e5 13. Qe2 e4 14. Nd4 b6 15. h3 Ba6 16. Nb5 Qe5 17. a4 Rad8 18. Be3 Ne6 19. Rfe1 Rd7 20. Rad1 Rfd8 21. Rxd7 Rxd7 22. Bb3 Nf4 23. Bxf4 Qxf4 24. Rd1 Bxb5 25. axb5 Qc7 26. Rxd7 Qxd7 27. Qc4 h5 28. Kf1 g6 29. Ke2 Kg7 30. Ba2 Qe7 31. b4 Ne8 32. Qd4+ Kh7 33. Bd5 Nd6 34. c4 h4 35. Kf1 Qg5 36. Qb2 Qf4 37. Qc3 Kg8 38. Kg1 Kf8 39. Bc6 e3 40. fxe3 Qxc4 41. Qf6 Nf5 42. Qh8+ Ke7 43. Qe5+ Qe6 44. Qc7+ Kf6 45. e4 Qd6 46. Qc8 Ng3 47. Qg4 Qd4+ 48. Kh2 Nf1+ 49. Kh1 Qf2 50. e5+ Kg7 51. e6 Ng3+ 0-1

[Event "Warsaw op"]
[Site "Warsaw"]
[Date "1992.??.??"]
[Round "7"]
[White "Fominyh, Alexander"]
[Black "Vaulin, Alexander"]
[Result "1-0"]
[WhiteElo "2500"]
[BlackElo "2520"]
[PlyCount "89"]
[EventDate "1992.??.??"]
[Source "ChessBase"]

1. d4 d5 2. Nf3 c5 3. c3 e6 4. Bg5 Qb6 5. Qb3 c4 6. Qc2 f6 7. Bf4 Qc6 8. e4 b5 9. Nbd2 Ne7 10. b3 Nd7 11. a4 a6 12. bxc4 bxc4 13. Bg3 Bb7 14. exd5 exd5 15. Be2 Qe6 16. Kf1 Bc6 17. Re1 Qf7 18. h4 Qg6 19. Qa2 h5 20. Ng1 Kd8 21. Bf3 Nf5 22. Nxc4 Nxg3+ 23. fxg3 Qd3+ 24. Ne2 Rc8 25. Na5 Ba8 26. Kf2 Bd6 27. Rd1 Qf5 28. Rb1 Rc7 29. c4 dxc4 30. Nxc4 Qe6 31. Bxa8 Qxc4 32. Qxc4 Rxc4 33. a5 Ra4 34. Ra1 Rb4 35. Rhc1 Ke7 36. Bf3 g6 37. Rc6 Nb8 38. Rb6 g5 39. Ke3 g4 40. Be4 Kd7 41. Nf4 Re8 42. Kd3 Rxd4+ 43. Kxd4 Be5+ 44. Kd5 Bxa1 45. Bf5+ 1-0

[Event "Elgoibar"]
[Site "Elgoibar"]
[Date "1998.11.28"]
[Round "8"]
[White "Ubilava, Elizbar"]
[Black "Gomez Esteban, Juan Mario"]
[Result "1/2-1/2"]
[WhiteElo "2540"]
[BlackElo "2475"]
[PlyCount "114"]
[EventDate "1998.11.11"]
[Source "ChessBase"]
[SourceDate "1999.04.01"]

1. Nf3 d5 2. d4 c5 3. dxc5 e6 4. c4 Bxc5 5. cxd5 Nf6 6. a3 exd5 7. b4 Bb6 8. e3 O-O 9. Be2 Nc6 10. Bb2 Qe7 11. Nc3 Rd8 12. Na4 Bc7 13. Rc1 Bg4 14. O-O Ne4 15. Nd4 Qh4 16. f4 Bxe2 17. Qxe2 Nxd4 18. Bxd4 Qe7 19. Rc2 Bd6 20. Rfc1 Qd7 21. Nc3 Nxc3 22. Rxc3 Rdc8 23. Qh5 Rxc3 24. Rxc3 Qe6 25. f5 Qe4 26. Qg5 g6 27. fxg6 fxg6 28. Rc1 Rf8 29. Bxa7 Be5 30. Bc5 Rf7 31. h3 Bf6 32. Qg4 Qxg4 33. hxg4 Bb2 34. Rd1 Bxa3 35. Rxd5 Rc7 36. Rd2 Kf7 37. Kf2 b6 38. Bxb6 Bxb4 39. Rd4 Rc2+ 40. Kf3 Be7 41. Rd7 Ke6 42. Ra7 Rb2 43. Bd4 Rc2 44. g3 Rc4 45. g5 Rc1 46. e4 Rd1 47. Ra6+ Kf7 48. Bf6 Bxf6 49. Rxf6+ Ke7 50. Ra6 Rd7 51. Kf4 Rb7 52. Ra4 Ke6 53. e5 Rb6 54. Ke4 Rc6 55. g4 Rb6 56. Kd4 Rb1 57. Ra6+ Ke7 1/2-1/2

[Event "Mind Sports Games - Blitz Team"]
[Site "Pechino CINA"]
[Date "2008.10.13"]
[Round "11"]
[White "Perelshteyn, E."]
[Black "Vavrak, P."]
[Result "0-1"]
[WhiteElo "2536"]
[BlackElo "2478"]
[PlyCount "147"]
[EventDate "2008.10.13"]
[Source "www.chesslib.no"]
[SourceDate "2004.05.04"]

1. Nf3 d5 2. d4 c5 3. e3 Nc6 4. b3 Bg4 5. Bb2 cxd4 6. exd4 e6 7. Nbd2 Nf6 8. h3 Bh5 9. Be2 Bd6 10. O-O O-O 11. Ne5 Bxe2 12. Qxe2 Rc8 13. c4 dxc4 14. bxc4 Qb6 15. Nb3 Qa6 16. Rfc1 Rfd8 17. Qf3 Ba3 18. Bxa3 Qxa3 19. Qe3 Qb2 20. Rab1 Qxa2 21. Ra1 Qb2 22. Rab1 Qa3 23. Nxc6 Rxc6 24. Nc5 Qxe3 25. fxe3 b6 26. Na6 Rdc8 27. c5 Nd7 28. Nb4 R6c7 29. Na6 Rc6 30. Nb4 R6c7 31. c6 Nb8 32. d5 exd5 33. Nxd5 Kf8 34. Nxc7 Rxc7 35. Rd1 Ke7 36. Rb4 Rxc6 37. Re4+ Re6 38. Rxe6+ Kxe6 39. Kf2 b5 40. Rb1 a6 41. Rc1 Kd6 42. Rc8 Nc6 43. Ke2 Kc5 44. Rf8 Ne5 45. Ra8 Kb6 46. Re8 f6 47. Re7 b4 48. Rxg7 b3 49. Kd2 Nc4+ 50. Kc3 b2 51. Kc2 a5 52. Rf7 a4 53. Rxf6+ Kc5 54. Rf5+ Kb4 55. Rf8 a3 56. Rb8+ Kc5 57. Rc8+ Kd5 58. Ra8 Nxe3+ 59. Kb1 Nc4 60. Ka2 Nd2 61. Rb8 Ke4 62. Kxa3 b1=Q 63. Rxb1 Nxb1+ 64. Kb2 Nd2 65. Kc2 Ke3 66. g4 Nf3 67. Kc3 Kf4 68. Kd3 Ng5 69. h4 Nf3 70. h5 Kxg4 71. Ke3 Ng5 72. h6 Kh5 73. Kf4 Kxh6 74. Ke5 0-1

[Event "KNSB TCh-NED 2007-8"]
[Site "Netherlands NED"]
[Date "2008.02.09"]
[Round "6"]
[White "Buhmann, R."]
[Black "Kroeze, F."]
[Result "1-0"]
[WhiteElo "2570"]
[BlackElo "2442"]
[PlyCount "57"]
[EventDate "2008.02.09"]
[Source "www.chesslib.no"]
[SourceDate "2004.05.04"]

1. Nf3 d5 2. d4 c5 3. e3 cxd4 4. exd4 Nc6 5. c3 Bg4 6. Nbd2 e6 7. Bd3 Bd6 8. O-O Nge7 9. Re1 Ng6 10. h3 Nf4 11. Bf1 Bf5 12. Nb3 Be4 13. Bxf4 Bxf4 14. Nc5 Bg6 15. Nxb7 Qb6 16. Nc5 O-O 17. b4 Rfd8 18. Bd3 Bh5 19. g4 Bg6 20. Bxg6 hxg6 21. Qd3 Ne7 22. h4 Nc8 23. Kg2 Nd6 24. Ng5 Nc4 25. Nxf7 Kxf7 26. Qf3 e5 27. dxe5 d4 28. Qxf4+ Kg8 29. Rad1 1-0

[Event "Augsburg 9394"]
[Site "Augsburg GER"]
[Date "1994.??.??"]
[Round "?"]
[White "Bezold, Michael"]
[Black "Howell, James C"]
[Result "1/2-1/2"]
[WhiteElo "2515"]
[BlackElo "2495"]
[PlyCount "31"]
[EventDate "1993.12.??"]
[Source "www.chesslib.no"]
[SourceDate "2004.05.04"]

1. d4 d5 2. Nf3 c5 3. dxc5 e6 4. e4 Bxc5 5. exd5 exd5 6. Bb5+ Nc6 7. O-O Nge7 8. Nbd2 O-O 9. Nb3 Bb6 10. Nbd4 Qd6 11. Be3 Bg4 12. Be2 Bxf3 13. Bxf3 Qf6 14. Nxc6 bxc6 15. c3 Nf5 16. Bxb6 1/2-1/2

[Event "AUT-chT2W 9697"]
[Site "Austria"]
[Date "1997.??.??"]
[Round "4"]
[White "Kelecevic, Nedeljko"]
[Black "Sermek, Drazen"]
[Result "0-1"]
[WhiteElo "2430"]
[BlackElo "2575"]
[PlyCount "52"]
[EventDate "1996.??.??"]
[Source "www.chesslib.no"]
[SourceDate "2004.05.04"]

1. d4 d5 2. Nf3 c5 3. e3 Nc6 4. Be2 Nf6 5. O-O Bg4 6. a3 cxd4 7. exd4 e6 8. c3 Bd6 9. h3 Bh5 10. Nbd2 Qc7 11. Re1 Bg6 12. Nf1 h6 13. Bd3 Bxd3 14. Qxd3 O-O-O 15. Be3 Kb8 16. N3d2 g5 17. Qe2 g4 18. hxg4 Rdg8 19. f3 h5 20. g5 Nh7 21. c4 Nxg5 22. Kh1 h4 23. cxd5 exd5 24. Nb1 Bg3 25. Bf2 Ne6 26. Rd1 Nf4 0-1

[Event "New York op"]
[Site "New York"]
[Date "1994.??.??"]
[Round "6"]
[White "Levitt, Jonathan"]
[Black "Dlugy, Maxim"]
[Result "0-1"]
[WhiteElo "2445"]
[BlackElo "2555"]
[PlyCount "68"]
[EventDate "1994.03.??"]
[Source "ChessBase"]

1. d4 d5 2. Nf3 c5 3. dxc5 e6 4. c4 Bxc5 5. e3 Nf6 6. a3 O-O 7. b4 Bd6 8. Bb2 a5 9. b5 Nbd7 10. Nc3 Ne5 11. Nxe5 Bxe5 12. Na4 Bxb2 13. Nxb2 e5 14. Be2 d4 15. exd4 exd4 16. O-O Bf5 17. Bf3 Ne4 18. Bxe4 Bxe4 19. Re1 Bg6 20. Re5 d3 21. Rd5 Qf6 22. Nxd3 Be4 23. Rd7 Rad8 24. Nc5 Bc2 25. Qe1 Rde8 26. Qf1 b6 27. Rc1 Bf5 28. Rd5 bxc5 29. Rxc5 Be4 30. Rc7 Bd3 31. Qxd3 Qf4 32. Qc3 Re2 33. Rxf7 Rxf7 34. Rf1 Rxf2 0-1

[Event "Cappelle Open"]
[Site "Cappelle la Grande FRA"]
[Date "1994.??.??"]
[Round "3"]
[White "Piskov, Yury"]
[Black "Magomedov, Magaram"]
[Result "1/2-1/2"]
[WhiteElo "2550"]
[BlackElo "2450"]
[PlyCount "21"]
[EventDate "1994.02.??"]
[Source "www.chesslib.no"]
[SourceDate "2004.05.04"]

1. d4 d5 2. Nf3 c5 3. dxc5 e6 4. b4 a5 5. c3 axb4 6. cxb4 b6 7. e4 bxc5 8. Bb2 cxb4 9. Bb5+ Bd7 10. Bxd7+ Qxd7 11. Be5 1/2-1/2

[Event "SLO-ch"]
[Site "Dobrna"]
[Date "2002.08.11"]
[Round "7"]
[White "Tratar, Marko"]
[Black "Mikhalchishin, Adrian"]
[Result "1/2-1/2"]
[WhiteElo "2466"]
[BlackElo "2533"]
[PlyCount "72"]
[EventDate "2002.08.03"]
[Source "ChessBase"]
[SourceDate "2002.09.11"]

1. Nf3 d5 2. d4 c5 3. dxc5 e6 4. e3 Bxc5 5. a3 a5 6. c4 Nf6 7. Nc3 O-O 8. Qc2 Nc6 9. cxd5 exd5 10. Nb5 Qb6 11. Be2 Ne4 12. Nc3 Nxc3 13. bxc3 a4 14. O-O g6 15. Rb1 Qc7 16. Bd3 Qe7 17. Ra1 Bd7 18. c4 dxc4 19. Bxc4 Na5 20. Bb2 Nxc4 21. Qxc4 Be6 22. Qc3 f6 23. Nd4 Bd5 24. f3 Rfd8 25. Kh1 Rac8 26. Qd2 Bc4 27. Rfe1 b5 28. Qc1 Rd7 29. Bc3 Kf7 30. Qb2 Rb7 31. Nc2 Bb3 32. Nb4 Rd7 33. e4 Qd8 34. Rac1 Bxb4 35. Bxb4 Rxc1 36. Qxc1 Rd1 1/2-1/2

[Event "Gausdal Masters"]
[Site "Gausdal"]
[Date "1996.??.??"]
[Round "3"]
[White "Sokolov, Andrei"]
[Black "Westerinen, Heikki MJ"]
[Result "1/2-1/2"]
[WhiteElo "2580"]
[BlackElo "2410"]
[PlyCount "29"]
[EventDate "1996.01.??"]
[Source "ChessBase"]

1. d4 d5 2. Nf3 c5 3. Bf4 cxd4 4. Bxb8 Qa5+ 5. c3 Rxb8 6. Qxd4 Nf6 7. Nbd2 e6 8. Nb3 Qb6 9. Qxb6 axb6 10. e3 Bd6 11. Bb5+ Ke7 12. O-O Ra8 13. c4 dxc4 14. Bxc4 Bd7 15. Nbd2 1/2-1/2

[Event "Mondariz op"]
[Site "?"]
[Date "1998.??.??"]
[Round "?"]
[White "Rausis Igors"]
[Black "Mellado Trivino Juan"]
[Result "0-1"]
[WhiteElo "2520"]
[BlackElo "2465"]
[PlyCount "102"]
[EventDate "1998.??.??"]
[Source "www.chesslib.no"]
[SourceDate "2004.05.04"]

1. d4 d5 2. Nf3 c5 3. dxc5 e6 4. Be3 Nf6 5. c3 a5 6. c4 Na6 7. Nc3 Nxc5 8. cxd5 Nxd5 9. Nxd5 Qxd5 10. Qxd5 exd5 11. O-O-O Bf5 12. Bxc5 Bxc5 13. e3 Rc8 14. Bd3 Bxe3+ 15. Kb1 Rc1+ 16. Rxc1 Bxd3+ 17. Ka1 Bxc1 18. Rxc1 Ke7 19. Rc7+ Kd6 20. Rxb7 Rc8 21. a4 Rc2 22. Rxf7 Rxf2 23. Rxg7 Kc5 24. Ne5 Be4 25. Rb7 Rxg2 26. h4 Rh2 27. Rb5+ Kd6 28. Nf7+ Ke6 29. Ng5+ Ke5 30. b4 axb4 31. Rxb4 h6 32. Nxe4 dxe4 33. a5 e3 34. a6 e2 35. Rb1 Rxh4 36. Re1 Ra4+ 37. Kb2 Rxa6 38. Rxe2+ Kf4 39. Rh2 Kg4 40. Rg2+ Kh3 41. Rg1 h5 42. Kc3 Rd6 43. Rh1+ Kg4 44. Rg1+ Kf3 45. Rh1 Rh6 46. Kd2 h4 47. Rf1+ Kg2 48. Rf8 h3 49. Rg8+ Kf2 50. Rf8+ Kg3 51. Rg8+ Kh4 0-1

[Event "Kecskemet2"]
[Site "Kecskemet HUN"]
[Date "1992.??.??"]
[Round "4"]
[White "Sjoberg, Mats"]
[Black "Vaulin, Alexander"]
[Result "1/2-1/2"]
[WhiteElo "2470"]
[BlackElo "2515"]
[PlyCount "40"]
[EventDate "1992.10.??"]
[Source "www.chesslib.no"]
[SourceDate "2004.05.04"]

1. d4 d5 2. Nf3 c5 3. g3 cxd4 4. Bg2 Qa5+ 5. Bd2 Qb6 6. c3 dxc3 7. Bxc3 Nf6 8. O-O e6 9. Nbd2 Be7 10. e4 O-O 11. Re1 Nc6 12. Ne5 d4 13. Ndc4 Qa6 14. Bd2 Nxe5 15. Nxe5 Nd7 16. Bf1 Qb6 17. Nc4 Qd8 18. e5 b6 19. Bf4 Nc5 20. b4 Na6 1/2-1/2

[Event "CRO Team Ch"]
[Site "Tucepi"]
[Date "1996.??.??"]
[Round "?"]
[White "Loncar, Robert"]
[Black "Dizdar, Goran"]
[Result "0-1"]
[WhiteElo "2455"]
[BlackElo "2525"]
[PlyCount "56"]
[EventDate "1996.??.??"]
[Source "www.chesslib.no"]
[SourceDate "2004.05.04"]

1. Nf3 d5 2. d4 c5 3. dxc5 e6 4. e4 Bxc5 5. exd5 exd5 6. Bb5+ Nc6 7. O-O Nf6 8. Re1+ Be6 9. Be3 Bd6 10. h3 O-O 11. Nbd2 a6 12. Bd3 Re8 13. c3 Na5 14. Nd4 Bc7 15. Qf3 Qd6 16. Nf1 Nd7 17. Qh5 g6 18. Qh4 Ne5 19. Rad1 Nxd3 20. Rxd3 Nc4 21. Bg5 Nxb2 22. Rde3 Bd7 23. g3 Nd3 24. Nf5 Nxe1 25. Ne7+ Rxe7 26. Bxe7 Qe6 27. Qb4 Nc2 28. Qxb7 Qc6 0-1

[Event "Mind Sports Games - Rapid Team KO"]
[Site "Pechino CINA"]
[Date "2008.10.17"]
[Round "2.3"]
[White "Bagheri, A."]
[Black "Schneider, Dm"]
[Result "0-1"]
[WhiteElo "2490"]
[BlackElo "2487"]
[PlyCount "94"]
[EventDate "2008.10.14"]
[Source "www.chesslib.no"]
[SourceDate "2004.05.04"]

1. d4 d5 2. Nf3 c5 3. c3 Nc6 4. dxc5 a5 5. Bf4 f6 6. e3 e5 7. Bg3 Bxc5 8. Nbd2 Nge7 9. Be2 Bf5 10. O-O O-O 11. c4 d4 12. Nb3 Ba7 13. exd4 exd4 14. Bd3 a4 15. Nc1 Qa5 16. Bd6 Rfd8 17. b4 axb3 18. Nxb3 Qa4 19. Bxe7 Nxe7 20. Re1 Bxd3 21. Qxd3 Qd7 22. c5 Nc6 23. Re4 Qd5 24. Rh4 g6 25. Nfd2 f5 26. Qh3 Rd7 27. Re1 Bxc5 28. Nxc5 Qxc5 29. Re6 Rg7 30. Qb3 Kh8 31. Rh3 Qb4 32. Qd3 Rxa2 33. Re8+ Rg8 34. Rxg8+ Kxg8 35. Nf1 Ra1 36. Qe2 Qe7 37. Qc4+ Qf7 38. Qb5 Kg7 39. Rg3 Qe7 40. h4 Ne5 41. Qb2 Rd1 42. h5 Ng4 43. hxg6 hxg6 44. Rb3 Qh4 45. Rxb7+ Kh6 46. Rh7+ Kxh7 47. Qb8 Qxf2+ 0-1